00690nam a22001817a 450000500170000002000220001703500130003903700130005224501520006526000410021730000200025870000260027870000270030470000240033194200220035599900170037795201140039420120503112036.0 a0195639499c00.00 aA-899281 aDPLbENG aIssues in Economic theory and public policy :bEssays in honour of professor Tapas Majumdar /cedited by Amitava Bose, Mihir Rakshit and Anup Sinha aDelhibOxford University Pressc1997 ax, 322c20 cms. aBose, Amitava 946259 aRakshit, Mihir 946260 aSinha, Anup 946261 2ddccENh330mBOS c66046d66046 001040708NFICaZLSbZLSd2012-05-03g0.00l0o330 BOSpA-899281r2012-05-03 00:00:00v0.00w2012-05-03yEN